000 00361nam a2200133Ia 4500
008 231129s1976||||xx |||||||||||||| ||spa||
020 _a0-07-019680-X
082 _aCAA-014
100 _aEstes Jack C.
245 0 _aInterest Amortization tables
260 _c1976
264 _aNew York : Mc Graw-Hill
942 _2ddc
_cBKS
999 _c15791
_d15791